000 00693nam a2200217 i 4500
001 113441
003 ES-MaACL
005 20230906185908.0
007 t|
008 061121s1967 sp r ||||1| cat d
100 1 _aPablo
_bVI
_cPapa, Santo.
_9168351
245 1 0 _aPopulorum progressio
_b: sobre el desenvolupament dels pobles /
_cPau VI ; Josep Boix [et al.].
250 _a[1ª ed.].
260 _aBarcelona :
_bEstela,
_c1967.
490 1 _aColección `mens petri`
650 4 _aIglesia y problemas sociales-
_xEncíclicas.
_9137973
700 1 _aBoix, Josep.
_929896
830 0 _aColección `mens petri`
_9185803
852 _aES-MaACL
_jC-32161
_bR.62763
999 _c113441
_d113441